| 000 | 00606cam a22001691 4500 | ||
|---|---|---|---|
| 001 | sa 68005331 | ||
| 003 | DLC | ||
| 005 | 20260227112508.0 | ||
| 008 | 710915s1952 ii c b 00000 eng | ||
| 010 | _asa 68005331 //r882 | ||
| 050 | 0 |
_aJQ254 _b.C45 |
|
| 100 | 1 | 0 | _aChhabra, Hari Sharan. |
| 245 | 1 | 0 |
_aOpposition in the Parliament; _ba unique, authentic and comprehensive biographical dictionary of M. P.'s on opposition benches. _cForeword by S. Gian Singh Rarewala. |
| 260 | 0 |
_aDelhi, _bNew Publishers, _c1952. |
|
| 300 |
_a182 p. _bports. _c25 cm. |
||
| 610 | 1 | 0 |
_aIndia. _bParliament _xBiography _xDictionaries. |
| 999 |
_c80661 _d80661 |
||